Time Series Analysis. Forecasting and Control.
Salvato in:
| Autori principali: | , , , |
|---|---|
| Natura: | Sconosciuto |
| Pubblicazione: |
Hoboken, New Jersey, United States:
John Wiley & Sons,
2016.
|
| Edizione: | Fifth Edition. |
| Serie: | Wiley Series in Probability and Statistics
|
| Soggetti: | |
| Tags: |
Aggiungi Tag
Nessun Tag, puoi essere il primo ad aggiungerne!!
|
MARC
| LEADER | 00000 a2200000 4500 | ||
|---|---|---|---|
| 003 | CL-VaPUC | ||
| 005 | 20221018130208.0 | ||
| 008 | 220830t2016 ||||| |||| 00| 0 eng d | ||
| 999 | |c 438547 |d 438545 | ||
| 020 | |a 978-1-118-67502-1 | ||
| 040 | |c Pontificia Universidad Católica de Valparaíso | ||
| 082 | 7 | |a 519.55 BOX 2016 |2 22 | |
| 100 | |a Box, George E.P |9 876015 |e author | ||
| 245 | |a Time Series Analysis. |b Forecasting and Control. | ||
| 250 | |a Fifth Edition. | ||
| 260 | |a Hoboken, New Jersey, United States: |b John Wiley & Sons, |c 2016. | ||
| 300 | |a 669 páginas. | ||
| 490 | |a Wiley Series in Probability and Statistics | ||
| 583 | |k GC |c 20220830 | ||
| 650 | |a Funciones de transferencia |9 876092 | ||
| 650 | 0 | |a Análisis de series temporales |9 427368 | |
| 650 | |a Matemáticas aplicadas |9 342401 | ||
| 650 | |a Teoría de la predicción |9 270919 | ||
| 700 | |a Jenkins, Gwilym M |9 423007 |e author | ||
| 700 | |a Reinsel, Gregory C |9 416998 |e author | ||
| 700 | |a Ljung, Greta M |e author |9 876093 | ||
| 942 | |2 ddc |c BK | ||
| 952 | |0 0 |1 0 |2 ddc |4 0 |6 519_550000000000000_BOX_2016 |7 0 |8 A |9 586457 |a BIBING |b BIBING |c GEN |d 2022-08-26 |e 1 |g 158295.00 |i 5654279 |l 0 |o 519.55 BOX 2016 |p 5654279 |r 2025-01-20 |t 1 |v 158295.00 |w 2022-08-26 |y BK |k EII | ||
| 952 | |0 0 |1 0 |2 ddc |4 0 |6 519_550000000000000_BOX_2016 |7 0 |8 A |9 587289 |a BIBGIM |b BIBGIM |c GEN |d 2022-10-14 |e 3 |g 186079.00 |i 5655222 |o 519.55 BOX 2016 |p 5655222 |r 2025-01-15 |t 2 |v 186079.00 |w 2022-10-14 |y BK |k EST | ||